000 00589nam a22002297a 4500
003 UA-OsUOA
001 70303
007 ta
008 20100902b un ||||| |||| 00| 0 ukr d
100 _aКостюхин Е. А.
090 _a82-343
_bК72
942 _cBK
040 _aUA-OsUOA
_brus
_cUA-OsUOA
_dUA-OsUOA
245 _aТипы и формы животного эпоса
300 _a269 с.
955 _a3
041 _arus
080 _a82-343
260 _aМ.
_c1987
650 7 _a82 Література. Літературознавство
_2UDC
999 _c356658
_d356658